Sete Categorias - Artes e Letras II - Statistics

Estatísticas Gerais
  • Esse quiz foi jogado 10 vezes
  • A pontuação média é 5 de 20
Estatísticas das Respostas
Questão Resposta % Correto
Possivelmente remotando ao século VI a.C., qual é o género de teatro mais antigo? Tragédia
80%
Quem é o autor do livro 'O Retrato de Dorian Grey'? Oscar Wilde
60%
Qual é o nome do monstro criado por H.P. Lovecraft no livro 'Necronomicon'? Cthulhu
50%
Que poeta romano acompanha Dante na sua viagem ao Inferno, na 'Divina Comédia'? Virgílio
50%
Que famoso arquiteto projetou a Sagrada Família, em Barcelona? Antoni Gaudí
30%
Bill Watterson é o criador de que famoso tigre da banda desenhada? Hobbes
30%
Que personagem dos contos infantis foi criado pelo escritor italiano Carlo Collodi? Pinóquio
30%
A Grande Mesquita do Sheikh Zayed, projectada pelo arquiteto sírio Yousef Abdelky, é a maior mesquita de que país? Emirados Árabes Unidos
20%
Atualmente (2021), que país detém mais arquitetos com Prémios Pritzker? Japão
20%
Como se designa o tema da arte cristã em que a Virgem Maria é representada com o corpo morto de Jesus nos braços, após a crucificação? Pietà
20%
Yayoi Kusama é uma artista contemporânea japonesa conhecida pelo seu trabalho que tipicamente apresenta que padrão? Polka dots
20%
Com guião, letra e música de Trey Parker e Matt Stone, os criadores da série South Park, que musical da Broadway conta a história de dois missionários da Igreja de Jesus Cristo dos Santos dos Últimos Dias decididos a espalhar a sua mensagem numa aldeia remota no Uganda? The Book of Mormon
20%
'A Alexiada' é um épico da autoria de que princesa bizantina? Anna Komenma
10%
Como se define uma palavra que pertence ao mesmo campo semântico de outras palavras, mas detém um sentido mais abrangente? Por exemplo, 'flor' têm esta designação relativamente às palavras 'rosa', 'margarida' e 'tulipa'. Hiperónimo
10%
'Felizes Acidentes no Baloiço' é uma obra do século XVIII da autoria de que pintor francês? Jean-Honoré Fragonard
10%
'Photo Ark' corresponde a uma exposição da National Geographic com mais de 7000 fotografias tiradas por que fotógrafo? Joel Sartore
10%
‘Moralia’ é uma coleção de ensaios e discursos sobre a vida romana e grega de que historiador e filósofo grego ligado à academia platónica de Atenas? Plutarco
10%
Que pintor americano associado ao movimento da Pop Art procurou valorizar os clichés das histórias em quadrinhos como uma forma de arte, colocando-se dentro de um movimento que tentou criticar a cultura de massas? Roy Lietchenstein
10%
Qual é o tecido tradicionalmente utilizado na produção dos kilts escoceses? Tartan
10%
Qual o apelido do professor no quadro de Rembrandt 'Lição de Anatomia do Dr. Nicolaes'? Tulp
10%
Nenhum quiz correspondente encontrado
Distribuição das Pontuações
Porcentagem de Pessoas com Cada Pontuação
Percentil de Números Respondidos
Sua Pontuação Histórica
Você não jogou esse quiz